000
00255nam a2200109Ia 4500
008
200302s9999 xx 000 0 und d
100
_a
K. D. Gaur
245
_a
Devolopment and Planning Vol 1
260
_b
Sarup & Sons
260
_c
1995
300
_a
426 P.,
999
_c
5515
_d
5515